02473cam a2200385 a 45000010009000000050017000090080041000260200025000670200022000920200018001140200015001320400094001470820021002411000034002622450094002962500012003902600054004023000058004565000027005145000024005415040041005655040032006065050313006385200454009516500034014056500034014396500030014736530033015036550024015369420021015609990017015819520171015989520159017699520159019281743890820150328153432.0120821t2014 mauado frbd 001 0 eng d a9781449688073 (pbk.) a1449688071 (pbk.) a9781449687656 a1449687652 aDNLM/DLCbengcDLCdYDXdNLMdYDXCPdOCLCOdVETdLGGdCDXdFMUdOCLCFdMJOdDLCdEG-ScBUE00a362.173222bDAY1 aDayer-Berenson, Linda.93628610aCultural competencies for nurses :bimpact on health and illness /cLinda Dayer-Berenson. a2nd ed. aBurlington :bJones & Bartlett Learning,cc.2014. axxiv, 416 p. :bcharts, photographs, tables ;c23 cm. aGlossary : p. 393-398. aIndex : p. 401-416. aIncludes bibliographical references. aBibliography : p. 399-400. 0 aBirth of transcultural nursing theories to current theories and conceptual models for cultural diversity -Culture-Global diversity -Organization for healthcare delivery in the 21st century-Black Americans-Hispanics / Latinos-Asians/Pacific Islanders-Native Americans-Whites (non-Hispanic)-Muslims and Hindus. a"Offers key information regarding health beliefs and the impact of culture on health and illness. This new edition contains an overview of the predominant cultural competency nursing theories, impact of diversity on health disparities, information on the health beliefs of several minority groups, and case studies to enhance student learning. This text is an excellent resource for courses that emphasize health promotion and disease prevention."-- 0aTranscultural nursing.936287 0aCross-cultural studies936288 0aNurse and patient.912232 bNNURcOctober2014cMarch2015 vreading book934232 k362.173 DAY2ddc c18482d18454 00102ddc40708BaccahaMAINbMAINc1STd2014-10-21epurchaseg296.00h20526l16m33o362.173 DAYp000036751q2023-02-02r2017-05-10 00:00:00s2017-05-10v370.00yBB 00102ddc40708BaccahaMAINbMAINc1STd2014-10-21epurchaseg296.00h20526l19m54o362.173 DAYp000036752r2025-07-15 00:00:00s2023-11-22v370.00yBB 00102ddc40708BaccahaMAINbMAINc1STd2015-03-28epurchaseg296.00h22358l21m59o362.173 DAYp000037834r2025-11-23 00:00:00s2025-11-18v370.00yBB